| 000 | 00529cam a2200181 a 4500 | ||
|---|---|---|---|
| 020 | _a0750681527 (pbk.) | ||
| 020 | _a9780750681520 (pbk.) | ||
| 082 | 0 | 0 |
_a510.2462 _bDAS _cN-02,P-99 |
| 100 | 1 |
_aDass, H.K _951497 |
|
| 245 | 1 | 0 |
_aHigher engineering mathematics _cDass, H.K |
| 250 | _a5th ed. | ||
| 260 |
_aNew Delhi : _bS Chand ; _c2011.. |
||
| 300 |
_axx,1714 p. : _bill. ; _c25 cm. |
||
| 500 | _aIncludes index. | ||
| 526 |
_a0 _b0 _c0 _d510_246200000000000_DAS |
||
| 650 | 0 |
_aEngineering mathematics. _92310 |
|
| 942 |
_2ddc _cBK |
||
| 999 |
_c554179 _d554179 |
||